000 01369nam a2200349Ia 4500
001 ebr10559026
003 CaPaEBR
006 m u
007 cr cn|||||||||
008 090508s2009 quca sb 001 0 eng d
020 _z0773535950
020 _z0773535969
020 _z9780773535954
020 _z9780773535961
020 _z9780773575769
040 _aCaPaEBR
_cCaPaEBR
035 _a(OCoLC)713186186
050 1 4 _aB491.L8
_bG76 2009eb
100 1 _aGroarke, Louis.
245 1 3 _aAn Aristotelian account of induction
_h[electronic resource] :
_bcreating something from nothing /
_cLouis Groarke.
260 _aMontreal ;
_aIthaca :
_bMcGill-Queen's University Press,
_cc2009.
300 _axiv, 467 p. :
_bill.
490 1 _aMcGill-Queen's studies in the history of ideas ;
_v49
504 _aIncludes bibliographical references and index.
533 _aElectronic reproduction.
_bPalo Alto, Calif. :
_cebrary,
_d2013.
_nAvailable via World Wide Web.
_nAccess may be limited to ebrary affiliated libraries.
600 0 0 _aAristotle.
650 0 _aInduction (Logic)
655 7 _aElectronic books.
_2local
710 2 _aebrary, Inc.
830 0 _aMcGill-Queen's studies in the history of ideas ;
_v49.
856 4 0 _uhttp://site.ebrary.com/lib/rucke/Doc?id=10559026
_zAn electronic book accessible through the World Wide Web; click to view
999 _c191451
_d191451